| 000 | 00522nam a2200169Ia 4500 | ||
|---|---|---|---|
| 999 |
_c36316 _d36316 |
||
| 003 | OSt | ||
| 005 | 20201209114712.0 | ||
| 008 | 190216s9999||||xx |||||||||||||| ||und|| | ||
| 020 | _a9788185392424 | ||
| 040 | _coclc | ||
| 082 |
_a375.6137 _bFRO/A |
||
| 100 |
_aFrost, Reuben B _97333 |
||
| 245 | 0 |
_aAdministration Of Physical Education And Athletics / _cReuben B Frost |
|
| 260 |
_bUniversal Bookstall, _c1992. _aNewdelhi: |
||
| 300 | _a491p | ||
| 942 |
_cREF _2ddc _h375.6137 _iFRO/A _k375.6137 _mFRO/A |
||